Príspevok k problematike viacžilových káblov pri mechanickom namáhaní : Kand.diz.práca : V.odb. 26-01-9 : Obh. 11.12.1985 /
Na minha lista:
| Autor principal: | |
|---|---|
| Outros Autores: | |
| Formato: | Manuscrito Livro |
| Publicado em: |
Bratislava :
Výskumný ústav káblov a izolantov,
1985
|
| Assuntos: | |
| Tags: |
Sem tags, seja o primeiro a adicionar uma tag!
|
MARC
| LEADER | 00000ntm a22000003a 4500 | ||
|---|---|---|---|
| 001 | stu4469 | ||
| 005 | 20150617225810.4 | ||
| 008 | ------s1985----------------------------d | ||
| 040 | |a STU |b slo | ||
| 041 | 0 | ||
| 100 | 1 | |a Blanárik, Miroslav |4 aut | |
| 245 | 1 | |a Príspevok k problematike viacžilových káblov pri mechanickom namáhaní : |b Kand.diz.práca : V.odb. 26-01-9 : Obh. 11.12.1985 / |c [aut.] Blanárik,Miroslav, Ing.; Škol. Langfelder,Ján | |
| 260 | |a Bratislava : |b Výskumný ústav káblov a izolantov, |c 1985 | ||
| 300 | |a 154 s : |b príl + |c Autoref.1985, 21 s | ||
| 650 | 7 | |a elektrotechnológia |2 stusub | |
| 650 | 7 | |a elektrické vedenia |2 stusub | |
| 700 | 1 | |a Langfelder, Ján |4 ths | |
| 996 | |b 284ED00135 |c E*KDIZ-486 |l EE01 |s A |a 24 |w stu4469_0001 | ||